Transferové oceňovanie diplomová práca

Salvato in:
Dettagli Bibliografici
Autore principale: Grolmusová, Renáta
Ente Autore: Fakulta hospodárskej informatiky EU. Katedra účtovníctva a audítorstva
Altri autori: Baštincová, Anna
Natura: Libro
Lingua:slovacco
Pubblicazione: Bratislava 2012
Tags: Aggiungi Tag
Nessun Tag, puoi essere il primo ad aggiungerne!!

MARC

LEADER 00000nbm a2200000 4500
001 0154726
005 20161109102140.5
041 0 |a slo 
044 |a SK 
245 1 0 |a Transferové oceňovanie  |b diplomová práca  |c Renáta Grolmusová ; školiteľ: Anna Baštincová 
264 1 |a Bratislava  |c 2012 
300 |a 66 s. 
100 1 |a Grolmusová, Renáta 
700 1 |a Baštincová, Anna 
710 2 |a Fakulta hospodárskej informatiky EU. Katedra účtovníctva a audítorstva